| 000 | 00656nam a2200217 a 4500 | ||
|---|---|---|---|
| 999 |
_c5746 _d5746 |
||
| 001 | 5746 | ||
| 003 | BD-JhCC | ||
| 005 | 20171220185504.0 | ||
| 008 | 171220s2016 bg ||||| |||| 00| 0 ben d | ||
| 035 | _a(BD-JhCC)5746 | ||
| 040 |
_aBD-JhCC _dBD-JhCC |
||
| 041 | _aben | ||
| 082 |
_a891.4415 _bRAH 2016 |
||
| 100 | _aরহমান, শেখ মুজিবুর | ||
| 245 |
_aগুপ্ত অণ্বেষণ / _c শেখ মুজিবুর রহমান |
||
| 260 |
_aপাবনা : _bমহীয়সী প্রকাশ, _c2016. |
||
| 300 |
_a431 p. : _c20 cm. |
||
| 650 | _aBengali Poetry | ||
| 942 |
_2ddc _cBK |
||